00452 2200181 4500001002100000005001700021035002400038040001200062090001800074100001700092245004300109250001100152260003100163300002700194650001600221850001200237990002100249YOGYA00000000008632520141013095600.0 0010-081400000086042 aYOPDYOG aDEP 028.5 Mot aMF. Sulastri aMoti Diri Sendiri 1cMF. Sulastri, dkk aCet. 1 aYogyakartabKanisiusc2013 a31 hlm.cilus.c28 cm. aCerita anak aYOPDYOG aCB-D.11-2013-360